[Event "2nd International Chess Festiv"]
[Site "Paracin"]
[Date "2009.08.19"]
[Round "1.29"]
[White "Ravic, Nenad"]
[Black "Milosavljevic, Milica"]
[Result "1/2-1/2"]
[WhiteElo "2283"]
[BlackElo "1786"]
[PlyCount "48"]
[EventDate "2009.08.19"]

1. e4 c5 2. Nf3 d6 3. d4 cxd4 4. Nxd4 Nf6 5. Nc3 a6 6. Be2 e5 7. Nb3 Be7 8. g4
Be6 9. g5 Nfd7 10. Bg4 Bxg4 11. Qxg4 Nb6 12. h4 d5 13. exd5 Nxd5 14. Bd2 Nxc3
15. Bxc3 Qd7 16. Qg3 Qd5 17. O-O f6 18. Rfe1 Nc6 19. Rad1 Qf7 20. f4 exf4 21.
Qxf4 O-O 22. gxf6 Bxf6 23. Bxf6 Qxf6 24. Qxf6 Rxf6 1/2-1/2

[Event "2nd International Chess Festiv"]
[Site "Paracin"]
[Date "2009.08.19"]
[Round "1.30"]
[White "Kasparova, Yeva"]
[Black "Milosevic, Aleksandar"]
[Result "0-1"]
[WhiteElo "1778"]
[BlackElo "2280"]
[PlyCount "42"]
[EventDate "2009.08.19"]

1. Nf3 g6 2. d4 Bg7 3. e3 Nf6 4. Be2 O-O 5. c4 c5 6. O-O cxd4 7. Nxd4 Nc6 8.
Nc3 b6 9. b3 Bb7 10. Nxc6 dxc6 11. Bb2 Qc7 12. Qc2 Rad8 13. Rad1 Bc8 14. Bd3
Ng4 15. g3 Qe5 16. Rd2 Qh5 17. h4 g5 18. Be2 gxh4 19. Bxg4 Bxg4 20. gxh4 Bf3
21. Ne4 Qg4+ 0-1

[Event "2nd International Chess Festiv"]
[Site "Paracin"]
[Date "2009.08.19"]
[Round "1.31"]
[White "Dudukovic, Nikola"]
[Black "Markovic, Predrag M"]
[Result "1-0"]
[WhiteElo "2260"]
[BlackElo "1773"]
[PlyCount "71"]
[EventDate "2009.08.19"]

1. e4 Nf6 2. e5 Nd5 3. d4 d6 4. Nf3 Bg4 5. Bc4 e6 6. exd6 Bxd6 7. c3 O-O 8.
Nbd2 c6 9. O-O Nd7 10. Ne4 Bc7 11. Ng3 Kh8 12. h3 Bxf3 13. Qxf3 Qf6 14. Qe4 Qg6
15. Qxg6 hxg6 16. Ne2 N7f6 17. g3 Rae8 18. Kg2 e5 19. dxe5 Bxe5 20. a4 b6 21.
Rd1 Bb8 22. Nd4 c5 23. Nc6 Ne7 24. Nxb8 Rxb8 25. Bf4 Rb7 26. Ba6 Rd7 27. Rxd7
Nxd7 28. Bd6 Re8 29. Re1 Nf6 30. Rxe7 Rd8 31. Bf4 Nd5 32. Rxf7 Nxf4+ 33. Rxf4
Rd2 34. b4 Ra2 35. Bc4 g5 36. Rf8+ 1-0

[Event "2nd International Chess Festiv"]
[Site "Paracin"]
[Date "2009.08.19"]
[Round "1.32"]
[White "Maljevic, Aleksa"]
[Black "Djosic, Slavoljub"]
[Result "0-1"]
[WhiteElo "1687"]
[BlackElo "2258"]
[PlyCount "102"]
[EventDate "2009.08.19"]

1. e4 d6 2. d4 Nf6 3. Nc3 Nbd7 4. Nf3 e5 5. d5 Be7 6. Be3 Ng4 7. Bd2 O-O 8. h3
Ngf6 9. Be3 c6 10. Bc4 b5 11. Bb3 b4 12. dxc6 bxc3 13. cxd7 cxb2 14. Rb1 Bxd7
15. Qd3 Bc6 16. Nd2 d5 17. exd5 Nxd5 18. O-O Nxe3 19. fxe3 Bc5 20. Nc4 Qg5 21.
Qe2 Rac8 22. Qg4 Qxg4 23. hxg4 Bb5 24. Kf2 Bxc4 25. Bxc4 Bxe3+ 26. Kxe3 Rxc4
27. Rxb2 Rxg4 28. Rf2 Ra4 29. Kd3 Rd4+ 30. Ke3 Rc8 31. Rb3 g6 32. c3 Rdc4 33.
Rc2 f5 34. Kd2 Kf7 35. Rb7+ R4c7 36. Rxc7+ Rxc7 37. c4 Ke6 38. Kc3 g5 39. Kb4
e4 40. Kb5 e3 41. c5 f4 42. c6 g4 43. Re2 g3 44. Kc5 Ke5 45. Rb2 f3 46. gxf3
Kf4 47. Rb7 g2 48. Rxc7 g1=Q 49. Rf7+ Ke5 50. Re7+ Kf6 51. Rxh7 e2+ 0-1

[Event "2nd International Chess Festiv"]
[Site "Paracin"]
[Date "2009.08.19"]
[Round "1.33"]
[White "Radosavljevic, Slobodan D"]
[Black "Maljevic, Dimitrije"]
[Result "1-0"]
[WhiteElo "2248"]
[BlackElo "1621"]
[PlyCount "47"]
[EventDate "2009.08.19"]

1. c4 Nf6 2. Nf3 c5 3. g3 Nc6 4. Bg2 g6 5. O-O Bg7 6. Nc3 O-O 7. d3 d6 8. a3
Bd7 9. Rb1 a5 10. Ne1 Ne8 11. Nc2 Nc7 12. Bd2 Rb8 13. b4 axb4 14. axb4 cxb4 15.
Nxb4 Nxb4 16. Rxb4 b5 17. cxb5 Nxb5 18. Nxb5 Rxb5 19. Rxb5 Bxb5 20. Qb3 Qd7 21.
Rc1 Rb8 22. Bc6 Qe6 23. Qxe6 fxe6 24. Rb1 1-0